Pays où Dernière Danse d'Indila fut classé dans les charts. - Statistiques

Statistiques générales
  • Ce quiz a été pris 63 fois
  • Le résultat moyen est 8 sur 15
Statistiques - réponses
Position dans les charts Pays % Correct
2 France
100%
2 Belgique
88%
47 Allemagne
83%
15 Suisse
81%
41 Italie
78%
2 Pologne
55%
1 Turquie
53%
72 Autriche
47%
1 Grece
47%
2 Roumanie
47%
52 Slovaquie
41%
24 Hongrie
36%
24 Tchéquie
33%
1 Israel
21%
3 Liban
21%
Aucun quiz correspondant
Distribution des résultats
% des personnes avec chaque résultat
Percentile par nombre de réponses
Votre historique - résultats
Vous n’avez pas pris ce quiz